000 00596nam a2200205Ia 4500
003 OSt
005 20250711142011.0
008 210210b1994 xxu||||| |||| 00| 0 eng d
040 _cAL
041 _aKannada
082 _aK894.301 UDYN
100 _aUDYAVARA MADHAVA ACHARYA.
_dಉದ್ಯಾವರ ಮಾಧವ ಆಚಾರ್ಯ
_9218289
245 _aNidu patheyavanu.
_bನಿಡು ಪಾತೆಯವನು.
260 _aUdupi
_bVyasa Prakashana
_c1994
300 _a94
650 _aSanna kategalu
_9218290
690 _aKannada Fiction
_9218291
906 _a049414
942 _2ddc
_cBK
999 _c98074
_d98074